|
|
|
|
| LEADER |
00000nam1a2200000 4500 |
| 001 |
157135 |
| 005 |
20231031153526.0 |
| 020 |
|
|
|a RU
|b 83-45886
|
| 035 |
|
|
|a (RuTPU)RU\TPU\book\170428
|
| 090 |
|
|
|a 157135
|
| 100 |
|
|
|a 20090403d1983 m a0rusy5003 ca
|
| 101 |
0 |
|
|a rus
|
| 200 |
1 |
|
|a Полупроводниковые сверхвысокочастотные диоды
|f М. С. Гусятинер, А. И. Горбачев
|
| 210 |
|
|
|a Москва
|c Радио и связь
|d 1983
|
| 215 |
|
|
|a 224 с.
|d ил.
|
| 610 |
1 |
|
|a диоды полупроводниковые
|
| 610 |
1 |
|
|a СВЧ-диоды
|
| 610 |
1 |
|
|a детекторные диоды
|
| 610 |
1 |
|
|a параметры
|
| 610 |
1 |
|
|a диоды Ганна
|
| 675 |
|
|
|a 621.382.2
|z rus
|
| 700 |
|
1 |
|a Гусятинер
|b М. С.
|g Марк Соломонович
|4 070
|
| 701 |
|
1 |
|a Горбачев
|b А. И.
|g Александр Иванович
|4 070
|
| 801 |
|
0 |
|a RU
|b RuMRKP
|c 19950704
|g psbo
|
| 801 |
|
1 |
|a RU
|b 63413507
|c 20090403
|g PSBO
|
| 801 |
|
2 |
|a RU
|b 63413507
|c 20091225
|g PSBO
|
| 942 |
|
|
|c BK
|